000 00660nam a2200217 i 4500
001 bg
100 1 _aDYLĄG, Zdzisław.
245 0 _aMechanika budowli.
_nT. 2 /
_cZdzisław Dyląg, Eugenia Krzemińska-Niemiec, Franciszek Filip.
250 _aWyd.2 popr. i uzup.
260 _aWarszawa :
_bPaństw. Wydaw. Naukowe,
_c1977.
300 _a496 s. :
_brys., wykr. ;
_c24 cm.
650 9 _aBudownictwo
_xmechanika
655 _aPodręczniki akademickie
700 1 _aKRZEMIŃSKA-NIEMIEC, Eugenia.
700 1 _aFILIP, Franciszek.
040 _cBPK
041 0 _apl
080 _a624.04(075.8)
942 _cKS
008 s pl f |000 0 pol
999 _c31958
_d31958
856 _uhttp://koha.tu.koszalin.pl/cgi-bin/koha/opac-detail.pl?biblionumber=31958
_yKatalog online BPK